00664nam a2200193 4500001000700000003000900007005001700016007000300033008004100036100002700077245009900104250001200203260003100215300002200246700002900268852003200297999001900329952012200348121765ES-MaACL20230906191823.0t|070214s1971 sp r ||||1| spa d1 aPlebe, Armando.99264110aQué es verdaderamente la Ilustración / cArmando Plebe ; traducción por Dolores Fonseca. a1ª ed. aMadrid : bDoncel, c1971. a165 p. ; c18 cm.1 aFonseca, Dolores.951518 aES-MaACLjC-40350 bR.78206 c121765d121765 00104070aATENEOMbATENEOMcDEPO2d2008-01-17eSCl0oC-40350p1126891r2023-02-23 00:00:00w2023-02-23yMONOGRAFIA